00925nam a2200241Ia 4500001000600000003000900006008004100015040001300056040001300069041001300082100002100095100002900116245003600145245006800181250001100249260001100260260002100271260004900292300005700341500023900398650001500637650003100652H3148IT-RoPAU130308s9999 xx 000 0 und d aIT-RoPAU cIT-RoPAU aITALIANO aRastier Francois gCodice Aut. SPICS: 12934 aSemantica dei testi e semiotica bForme della Testualità. Teoria, Modelli, storia e Prospettive a1a ed. aTORINO bTesto & Immagine c2001 [1° Ed.:2001 - Ed.Ling.Originale:2001] a"20 p. (prefazione: no ; testo: 20 [pagine: 25-44])" aLa Semiotica è una Scienza dei Segni? in che Cosa Consiste una Semiotica Discorsiva? problematiche Logico Grammaticale e Retorico Ermeneutica. Sensoe semiosi Testuale. forme della Semantica Testuale. per una Semiotica delle Culture. aSEMIOLOGIA eCodice materia Spics: 3251